Largest City by Tectonic Plate - Statistics

General Stats
  • This quiz has been taken 87 times
  • The average score is 8 of 11
Answer Stats
Tectonic Plate City % Correct
North American New York
96%
African Cairo
84%
South American Sao Paulo
84%
Australian Sydney
83%
Eurasian Tokyo
83%
Indian Delhi
82%
Philippine Manila
81%
Somali Nairobi
57%
Arabian Baghdad
49%
Caribbean Santo Domingo
49%
Pacific Los Angeles
35%
No matching quizzes found
Score Distribution
Percent of People with Each Score
Percentile by Number Answered
Your Score History
You have not taken this quiz